|
|
|
|
| LEADER |
00000cam a2200000 a 4500 |
| 001 |
vtls010586693 |
| 003 |
SK-MaSNL |
| 005 |
20260301133720.0 |
| 008 |
240313s1971 xo g 000 d slo |
| 015 |
|
|
|a SNBA1971
|
| 040 |
|
|
|a SNK
|b slo
|c SNK
|e AACR2
|
| 041 |
1 |
|
|a slo
|h fre
|
| 044 |
|
|
|a xo
|c SK
|
| 072 |
|
7 |
|a 821.133.1-2
|x Francúzska dráma, francúzsky písaná
|2 konspekt
|
| 080 |
|
|
|a 821.133.1(493)-2
|2 2011
|
| 080 |
|
|
|a 7.097
|2 2011
|
| 100 |
1 |
|
|a Maeterlinck, Maurice,
|d 1862-1949
|4 aut
|9 48632
|
| 245 |
1 |
0 |
|a Monna Vanna
|c Maurice Maeterlinck ; preklad: Helena Turcerová-Devečková
|
| 260 |
|
|
|a Bratislava
|b Slovenská televízia
|c 1971
|
| 300 |
|
|
|a 66 s.
|c 4°
|
| 500 |
|
|
|a Preložené z francúzštiny
|
| 655 |
|
7 |
|a belgické drámy (francúzsky)
|2 SNKPH
|9 280995
|
| 655 |
|
7 |
|a televízne inscenácie
|2 SNKPH
|9 297433
|
| 700 |
1 |
|
|a Turcerová-Devečková, Helena,
|d 1886-1964
|4 trl
|9 61211
|
| 958 |
|
|
|a LX
|
| 958 |
|
|
|a UP
|
| 958 |
|
|
|a OND
|
| 999 |
|
|
|c 754521
|d 756451
|
| 952 |
|
|
|a SNK
|b SNK
|y PREZ
|7 0
|p 17A0833349
|o snkSB 43778
|i snkF 2577/88
|8 5
|0 0
|1 0
|4 0
|d 2014-04-01
|f 1
|l 0
|r 2025-05-09 00:00:00
|w 2026-02-23
|